| 000 | 01035nam a22002297a 4500 | ||
|---|---|---|---|
| 003 | EG-ScBUE | ||
| 005 | 20221010100800.0 | ||
| 008 | 110719s1994 ua b f b 001 0dara d | ||
| 017 | _a1994 / 2589 | ||
| 020 | _a9770137022 | ||
| 040 |
_aEG-ScBUE _bara _erda _cEG-ScBUE _dEG-ScBUE |
||
| 082 | 0 | 4 |
_222 _bش ا ف _a720.91761 |
| 100 | 1 |
_926334 _aشافعي، فريد، _d1907-1985، _eمؤلف. |
|
| 245 | 1 | 2 |
_aالعمارة العربية في مصر الإسلامية. _nالمجلد الأول، _pعصر الولاة / _cالمهندس المعماري د. فريد شافعي، أستاذ العمارة الإسلامية بجامعة القاهرة. |
| 264 | 1 |
_a[القاهرة] : _b[الهيئة المصرية العامة للكتاب]، _c[1994] |
|
| 300 |
_a722 صفحة : _bخرائط ؛ _c24 سم |
||
| 504 | _aيشتمل علي إرجاعات ببليوجرافية وكشافات. | ||
| 650 | 7 |
_915209 _aالعمارة الإسلامية _zمصر. _2BUEsh |
|
| 653 | _bENGARC | ||
| 655 | _vReading book | ||
| 942 |
_2ddc _cBB |
||
| 999 |
_c15703 _d15703 |
||